कार्यालयी हिंदी और कंप्यूटर अनुप्रयोग/ (Record no. 201316)
[ view plain ]
| 000 -LEADER | |
|---|---|
| fixed length control field | 01390nam a22002177a 4500 |
| 005 - DATE AND TIME OF LATEST TRANSACTION | |
| control field | 20240314142857.0 |
| 010 ## - LCCN (DPL NO) | |
| LC control number | B-758471-477 |
| 020 ## - INTERNATIONAL STANDARD BOOK NUMBER | |
| International Standard Book Number | 9789393603036 |
| Terms of availability | 895.00 |
| 035 ## - SYSTEM CONTROL NUMBER | |
| System control number | B-758471-477 |
| 037 ## - SOURCE OF ACQUISITION | |
| Source of stock number/acquisition | लोकभारती प्रकाशन |
| 082 ## - DEWEY DECIMAL CLASSIFICATION NUMBER | |
| Classification number | 420 |
| 100 ## - MAIN ENTRY--PERSONAL NAME | |
| Personal name | सहाय , निरंजन |
| 245 ## - TITLE STATEMENT | |
| Title | कार्यालयी हिंदी और कंप्यूटर अनुप्रयोग/ |
| Statement of responsibility, etc | निरंजन सहाय |
| 260 ## - PUBLICATION, DISTRIBUTION, ETC. (IMPRINT) | |
| Place of publication, distribution, etc | आगरा |
| Name of publisher, distributor, etc | लोकभारती प्रकाशन |
| Date of publication, distribution, etc | 2023 |
| 270 ## - ADDRESS | |
| Address | पहली मंजिल,दरबारी बिल्डिंग महात्मा गाँधी मार्ग |
| City | प्रयागराज |
| Postal code | 211001 |
| 270 ## - ADDRESS | |
| Address | 1-बी नेताजी सुभाष मार्ग दरियागंज |
| City | नई दिल्ली |
| Postal code | 110002 |
| 300 ## - PHYSICAL DESCRIPTION | |
| Extent | 311पृ.; |
| Dimensions | 23 सेमी.(सजिल्द) |
| 700 ## - ADDED ENTRY--PERSONAL NAME | |
| Relator term | |
| 9 (RLIN) | 61527 |
| 942 ## - ADDED ENTRY ELEMENTS (KOHA) | |
| Source of classification or shelving scheme | Dewey Decimal Classification |
| Item type | Hindi Books |
| Classification part | 420 |
| Call number suffix | सहाय |
| Withdrawn status | Lost status | Not for loan | Collection code | Home library | Current library | Date acquired | Source of acquisition | Cost, normal purchase price | Full call number | Barcode | Copy number | Cost, replacement price | Koha item type |
|---|---|---|---|---|---|---|---|---|---|---|---|---|---|
| Non-fiction | Ashok Vihar | Ashok Vihar | 14/03/2024 | लोकभारती प्रकाशन/BR/2682/9.2.24/111/9.1.24/14.2.24 | 895.00 | 420 सहाय | B-758473 | 1 | 895.00 | Hindi Books | |||
| Non-fiction | Central Library | Central Library | 14/03/2024 | लोकभारती प्रकाशन/BR/2682/9.2.24/111/9.1.24/14.2.24 | 895.00 | 420 सहाय | B-758471 | 1 | 895.00 | Hindi Books | |||
| Non-fiction | Diz Area | Diz Area | 14/03/2024 | लोकभारती प्रकाशन/BR/2682/9.2.24/111/9.1.24/14.2.24 | 895.00 | 420 सहाय | B-758474 | 1 | 895.00 | Hindi Books | |||
| Non-fiction | Mobile Library | Mobile Library | 14/03/2024 | लोकभारती प्रकाशन/BR/2682/9.2.24/111/9.1.24/14.2.24 | 895.00 | 420 सहाय | B-758472 | 1 | 895.00 | Hindi Books | |||
| Non-fiction | Sarojini Nagar | Sarojini Nagar | 14/03/2024 | लोकभारती प्रकाशन/BR/2682/9.2.24/111/9.1.24/14.2.24 | 895.00 | 420 सहाय | B-758475 | 1 | 895.00 | Hindi Books | |||
| Non-fiction | Shahdara Branch | Shahdara Branch | 14/03/2024 | लोकभारती प्रकाशन/BR/2682/9.2.24/111/9.1.24/14.2.24 | 895.00 | 420 सहाय | B-758477 | 1 | 895.00 | Hindi Books | |||
| Non-fiction | Vinoba Puri | Vinoba Puri | 14/03/2024 | लोकभारती प्रकाशन/BR/2682/9.2.24/111/9.1.24/14.2.24 | 895.00 | 420 सहाय | B-758476 | 1 | 895.00 | Hindi Books |
